Hermenéutica jurídica en torno a la hermenéutica de Hans-Georg Gadamer (Registro nro. 73287)

Detalles MARC
000 -ENCABEZADO
Número de control [NR] 00925nam a2200241Ia 4500
008 - DE LONGITUD FIJA DE DATOS DE ELEMENTOS - INFORMACIÓN GENERAL
Elementos de longitud fija [NR] 130821s1992 sp gr spa
020 ## - NUMERO INTERNACIONAL NORMALIZADO PARA LIBROS [R]
Número Internacional Normalizado del libro [NR] 8477622876
020 ## - NUMERO INTERNACIONAL NORMALIZADO PARA LIBROS [R]
Número Internacional Normalizado del libro [NR] 9788477622871
040 ## - FUENTE DE CATALOGACION [NR]
Agencia de catalogación original [NR] Co-BoUCM
Idioma de catalogación [NR] spa
041 00 - CODIGO DE IDIOMA [R]
Código de idioma para texto/pista de sonido o título separado [R] Español
100 1# - ASIENTO PRINCIPAL--NOMBRE PERSONAL [NR]
Nombre personal [NR] Osuna Fernández-Largo, Antonio
245 10 - MENCION DE TITULO [NR]
Título [NR] Hermenéutica jurídica en torno a la hermenéutica de Hans-Georg Gadamer
Mención de responsabilidad, etc. [NR] Antonio Osuna Hernández-Largo
260 ## - PUBLICACION, DISTRIBUCION, ETC. (PIE DE IMPRENTA) [R]
Lugar de publicación, distribución, etc. [R] Valladolid (España)
Nombre del editor, distribuidor, etc. [R] Secretariado de publicaciones Universidad de Valladolid
Fecha de publicación, distribución, etc. [R] 1992
300 ## - DESCRIPCION FISICA [R]
Extensión [R] 138 páginas
490 #0 - MENCION DE SERIE [R]
Mención de serie [R] Serie Derecho
Designación numérica/secuencial del volumen [NR] 23
504 ## - NOTA DE BIBLIOGRAFIA, ETC. [R]
Nota de bibliografía, etc. [NR]
600 14 - ASIENTO SECUNDARIO DE MATERIA - NOMBRE PERSONAL [R]
Nombre personal [NR] Gadamer, Hans-Georg
Fechas asociadas con el nombre [NR] 1900-2002
Subdivisión general [R] Crítica e interpretación, etc.
650 04 - ASIENTO SECUNDARIO DE MATERIA - TERMINO TEMATICO [R]
Término temático o nombre geográfico como elemento de entrada [NR] Argumentación jurídica
9 (RLIN) 9342
650 04 - ASIENTO SECUNDARIO DE MATERIA - TERMINO TEMATICO [R]
Término temático o nombre geográfico como elemento de entrada [NR] Filosofía del derecho
9 (RLIN) 15792
650 04 - ASIENTO SECUNDARIO DE MATERIA - TERMINO TEMATICO [R]
Término temático o nombre geográfico como elemento de entrada [NR] Teoría del derecho
9 (RLIN) 25308
942 ## - ELEMENTOS DE ENTRADA AGREGADOS (KOHA)
Tipo de ítem principal el descrito en 300a Libro
Tema principal Derecho
Edición 1
Parte restante de la signatura top. O859h
Sistema de clasificación DEWEY
Clasificación 340.1
Existencias
Fecha de último préstamo Total préstamos Total Renewals Signatura topográfica Código de barras Última vez visto Ejemplar Price effective from Tipo de ítem Perdido Sistema de clasificación Dañado No prestable Tipo de ítem específico Suprimido Ubicación habitual Ubicación actual Localización Fecha de creación Forma de adquisición Costo
20/01/2015 3 1 340.1 O859h 100122760 11/06/2026 Ej.2 03/02/2013 Libro   DEWEY     Libro   Claustro Claustro 3er piso 30/09/2012 Donación 26000.00
26/08/2011     340.1 O859h 100114951 10/06/2026 Ej.1 03/02/2013 Libro   DEWEY     Libro   Claustro Claustro 3er piso 30/09/2011 Compra 90000.00